Normal view
MARC view
Entry Topical Term
001 - CONTROL NUMBER
- control field: 47927
003 - CONTROL NUMBER IDENTIFIER
- control field: OSt
005 - DATE AND TIME OF LATEST TRANSACTION
- control field: 20241001113133.0
008 - FIXED-LENGTH DATA ELEMENTS
- fixed length control field: 241001|| aca||aabn | a|a d
040 ## - CATALOGING SOURCE
- Original cataloging agency: OSt
- Transcribing agency: OSt
150 ## - HEADING--TOPICAL TERM
- Topical term or geographic name entry element: Privacy, Data protection, Data principal, General data protection regulation (EU-GDPR) of eupnoea union, The personal data act (PDPA) of Singapore, Personal information protection law (PIPL) and data security law (DSL) of China.
670 ## - SOURCE DATA FOUND
- Source citation: Work cat.: (OSt): Malhotra, Charru and Malhotra, Udbhav 47926, Putting interests of digital Nagriks first: Digital personal data protection (DPDP) act 2023 of India
